MARC

LEADER 00000nam0a2200000 4500
001 292747
005 20231102000527.0
035 |a (RuTPU)RU\TPU\book\317383 
090 |a 292747 
100 |a 20150424d1983 k y0rusy50 ca 
101 0 |a rus 
102 |a RU 
105 |a a z 101zy 
200 1 |a Космические исследования природных комплексов Сибири и Дальнего Востока  |e [сборник докладов Второй научной сессии Координационного совета]  |f Академия наук СССР (АН СССР), Сибирское отделение (СО) ; отв. ред. А. Л. Яншин , Л. К. Зятькова 
210 |a Новосибирск  |c Наука  |d 1983 
215 |a 177 с.  |c ил. 
320 |a Библиография в конце докладов 
606 1 |a Географические исследования с космических летательных аппаратов  |2 stltpush  |3 (RuTPU)RU\TPU\subj\5895  |9 33881 
610 1 |a Сибирь 
610 1 |a Дальний Восток 
610 1 |a природные особенности 
610 1 |a изучение 
610 1 |a аэрокосмическая фотоинформация 
610 1 |a природные ресурсы 
610 1 |a аэрокосмические исследования 
610 1 |a геолого-географические исследования 
610 1 |a биологические ресурсы 
610 1 |a сессии 
675 |a 910.25:629.78(063)  |v 3 
702 1 |a Яншин  |b А. Л.  |g Александр Леонидович  |4 340 
702 1 |a Зятькова  |b Л. К.  |g Луиза Константиновна  |4 340 
712 0 2 |a Академия наук СССР (АН СССР)  |b Сибирское отделение (СО)  |c (Новосибирск)  |2 stltpush  |3 (RuTPU)RU\TPU\col\11215 
712 1 2 |a Космические исследования природных комплексов Сибири и Дальнего Востока  |c научная сессия  |d 2  |e Новосибирск  |f 1983 
801 1 |a RU  |b 63413507  |c 20150424 
801 2 |a RU  |b 63413507  |c 20181012  |g RCR 
942 |c BK